Малярное искусство: новейшее руководство к производству окраски масляными и водяными красками различных зданий и сооружений, домовых и комнатных малярных работ, подражанию дереву и каменным породам и приготовлению лаков с присовокуплением правил определения подмесей, поделок и достоинств москательных товаров и способов подготовки дерева под малярные работы с приложением наставления закалки стали по новейшему способу

Bibliographic Details
Other Authors: Соколов А. П. (редактор)
Summary:Составлена кружком специалистов и техников
Language:Russian
Published: Санкт-Петербург, Типография А. Каспари, 1884
Edition:2-е изд., доп.
Subjects:
Format: Book
KOHA link:https://koha.lib.tpu.ru/cgi-bin/koha/opac-detail.pl?biblionumber=323156

MARC

LEADER 00000nam0a2200000 4500
001 323156
005 20231102003538.0
035 |a (RuTPU)RU\TPU\book\348714 
090 |a 323156 
100 |a 20161010d1884 m y0rusy50 ca 
101 0 |a rus 
102 |a RU 
105 |a a j 001zy 
200 1 |a Малярное искусство  |e новейшее руководство к производству окраски масляными и водяными красками различных зданий и сооружений, домовых и комнатных малярных работ, подражанию дереву и каменным породам и приготовлению лаков с присовокуплением правил определения подмесей, поделок и достоинств москательных товаров и способов подготовки дерева под малярные работы с приложением наставления закалки стали по новейшему способу  |f под ред. технолога А. П. Соколова 
205 |a 2-е изд., доп. 
210 |a Санкт-Петербург  |c Типография А. Каспари  |d 1884 
215 |a 311 с.  |c ил. 
300 |a Составлена кружком специалистов и техников 
320 |a Прибавление к малярному искусству: с. 247-287 
320 |a Приложение "Наставление к закалке стали по новейшим способам": с. 287-311 
606 1 |a Лако-красочные работы  |x Строительство  |2 stltpush  |3 (RuTPU)RU\TPU\subj\39842  |9 59747 
606 1 |a Малярные краски  |x Колеры  |2 stltpush  |3 (RuTPU)RU\TPU\subj\40962  |9 60786 
610 1 |a малярные работы 
610 1 |a масляные краски 
610 1 |a водяные краски 
610 1 |a окрашивание 
610 1 |a лаки 
610 1 |a примеси 
610 1 |a клеевые краски 
610 1 |a библиотека Томского Алексеевского Реального Училища (ТАРУ) 
675 |a 698.1  |v 4 
702 1 |a Соколов  |b А. П.  |4 340 
801 1 |a RU  |b 63413507  |c 20161010 
801 2 |a RU  |b 63413507  |c 20170215  |g RCR 
942 |c BK